<?xml version="1.0" encoding="UTF-8"?>
<collection xmlns="http://www.loc.gov/MARC21/slim">
 <record>
  <leader>02526cam a2200445Ii 4500</leader>
  <controlfield tag="001">on1146084436</controlfield>
  <controlfield tag="003">OCoLC</controlfield>
  <controlfield tag="005">20210423014349.0</controlfield>
  <controlfield tag="006">m     o  d        </controlfield>
  <controlfield tag="007">cr cnu---unuuu</controlfield>
  <controlfield tag="008">200326s2020    enk     ob    001 0 eng d</controlfield>
  <datafield tag="040" ind1=" " ind2=" ">
   <subfield code="a">OPELS</subfield>
   <subfield code="b">eng</subfield>
   <subfield code="e">rda</subfield>
   <subfield code="e">pn</subfield>
   <subfield code="c">OPELS</subfield>
   <subfield code="d">EBLCP</subfield>
   <subfield code="d">OCLCQ</subfield>
   <subfield code="d">UKAHL</subfield>
   <subfield code="d">YDX</subfield>
   <subfield code="d">YDXIT</subfield>
   <subfield code="d">OCLCF</subfield>
   <subfield code="d">TXM</subfield>
   <subfield code="d">UKMGB</subfield>
  </datafield>
  <datafield tag="015" ind1=" " ind2=" ">
   <subfield code="a">GBC048762</subfield>
   <subfield code="2">bnb</subfield>
  </datafield>
  <datafield tag="016" ind1="7" ind2=" ">
   <subfield code="a">019759436</subfield>
   <subfield code="2">Uk</subfield>
  </datafield>
  <datafield tag="019" ind1=" " ind2=" ">
   <subfield code="a">1146006823</subfield>
  </datafield>
  <datafield tag="020" ind1=" " ind2=" ">
   <subfield code="z">9780128137451</subfield>
   <subfield code="q">(print)</subfield>
  </datafield>
  <datafield tag="020" ind1=" " ind2=" ">
   <subfield code="a">0128137460</subfield>
   <subfield code="q">(electronic bk.)</subfield>
  </datafield>
  <datafield tag="020" ind1=" " ind2=" ">
   <subfield code="a">9780128137468</subfield>
   <subfield code="q">(electronic bk.)</subfield>
  </datafield>
  <datafield tag="035" ind1=" " ind2=" ">
   <subfield code="a">(OCoLC)1146084436</subfield>
   <subfield code="z">(OCoLC)1146006823</subfield>
  </datafield>
  <datafield tag="050" ind1=" " ind2="4">
   <subfield code="a">QD79.C45</subfield>
  </datafield>
  <datafield tag="082" ind1="0" ind2="4">
   <subfield code="a">543/.85</subfield>
   <subfield code="2">23</subfield>
  </datafield>
  <datafield tag="245" ind1="0" ind2="0">
   <subfield code="a">Basic multidimensional gas chromatography /</subfield>
   <subfield code="c">edited by Nicholas H. Snow.</subfield>
  </datafield>
  <datafield tag="264" ind1=" " ind2="1">
   <subfield code="a">London, United Kingdom :</subfield>
   <subfield code="b">Academic Press,</subfield>
   <subfield code="c">2020.</subfield>
  </datafield>
  <datafield tag="300" ind1=" " ind2=" ">
   <subfield code="a">1 online resource</subfield>
  </datafield>
  <datafield tag="336" ind1=" " ind2=" ">
   <subfield code="a">text</subfield>
   <subfield code="b">txt</subfield>
   <subfield code="2">rdacontent</subfield>
  </datafield>
  <datafield tag="337" ind1=" " ind2=" ">
   <subfield code="a">computer</subfield>
   <subfield code="b">c</subfield>
   <subfield code="2">rdamedia</subfield>
  </datafield>
  <datafield tag="338" ind1=" " ind2=" ">
   <subfield code="a">online resource</subfield>
   <subfield code="b">cr</subfield>
   <subfield code="2">rdacarrier</subfield>
  </datafield>
  <datafield tag="490" ind1="1" ind2=" ">
   <subfield code="a">Separation science and technology ;</subfield>
   <subfield code="v">volume 12</subfield>
  </datafield>
  <datafield tag="500" ind1=" " ind2=" ">
   <subfield code="a">Includes index.</subfield>
  </datafield>
  <datafield tag="588" ind1="0" ind2=" ">
   <subfield code="a">Online resource; title from PDF title page (ScienceDirect, viewed March 26, 2020).</subfield>
  </datafield>
  <datafield tag="505" ind1="0" ind2=" ">
   <subfield code="a">Introduction and historical background: the &quot;inside&quot; story of comprehensive two-dimensional gas chromatography / J.-M.D. Dimandja -- A better way to separate the wheat from the chaff. Progression from single-dimension gas chromatography to multidimensional gas chromatography / Philip J. Marriott, Yada Nolvachai -- Columns and column configurations / Pierre-Hugues Stefanuto, Jean-François Focant -- Modulators / H. Boswell, H.-Y. Chow, T. Gorecki -- Inlets and sampling / Benedikt A. Weggler, Beate Gruber, Paige Teehan, Roman Jaramillo, Frank L. Dorman -- Detectors and basic data analysis / Peter Q. Tranchida, Luigi Mondello -- Advanced data handling in comprehensive two-dimensional gas chromatography / Kelsey L. Berrier, Sarah E. Prebihalo, Robert E. Synovec -- Applications / Nicholas H. Snow -- Appendix: Additional resources and bibliography / Nicholas H. Snow.</subfield>
  </datafield>
  <datafield tag="504" ind1=" " ind2=" ">
   <subfield code="a">Includes bibliographical references and index.</subfield>
  </datafield>
  <datafield tag="650" ind1=" " ind2="0">
   <subfield code="a">Gas chromatography.</subfield>
  </datafield>
  <datafield tag="650" ind1=" " ind2="7">
   <subfield code="a">Gas chromatography.</subfield>
   <subfield code="2">fast</subfield>
   <subfield code="0">(OCoLC)fst00938168</subfield>
  </datafield>
  <datafield tag="655" ind1=" " ind2="0">
   <subfield code="a">Electronic books.</subfield>
  </datafield>
  <datafield tag="655" ind1=" " ind2="4">
   <subfield code="a">Electronic books.</subfield>
  </datafield>
  <datafield tag="700" ind1="1" ind2=" ">
   <subfield code="a">Snow, Nicholas H.,</subfield>
   <subfield code="d">1965-</subfield>
   <subfield code="e">editor.</subfield>
  </datafield>
  <datafield tag="776" ind1="0" ind2="8">
   <subfield code="i">Print version :</subfield>
   <subfield code="z">9780128137451</subfield>
  </datafield>
  <datafield tag="830" ind1=" " ind2="0">
   <subfield code="a">Separation science and technology (San Diego, Calif.) ;</subfield>
   <subfield code="v">v. 12.</subfield>
  </datafield>
  <datafield tag="856" ind1="4" ind2="0">
   <subfield code="3">ScienceDirect</subfield>
   <subfield code="u">https://www.sciencedirect.com/science/bookseries/18771718/12</subfield>
  </datafield>
 </record>
</collection>
